| 000 | 00636nam a22001217a 4500 | ||
|---|---|---|---|
| 040 | _cRUA | ||
| 082 | _aLMA LEA 2025 B701 Or.1 | ||
| 100 | _aLEANG SOUVISETH, លាង ស៊ូវិសិដ្ឋ | ||
| 245 | _aStudy on land use in svay chrum commune, mesang district, preyveng province, ការសិក្សាពីការធ្វើ ផែនការ ប្រើប្រាស់ដីធ្លី ស្ថិតនៅក្នុងឃុំស្វាយជ្រុំ ស្រុកមេសាង ខេត្តព្រៃវែង | ||
| 260 |
_aPHNOM PENH _bRUA _c2025 |
||
| 300 |
_axi,49p. _bill. |
||
| 942 | _cLMA | ||
| 999 |
_c25758 _d25758 |
||